Výrobkové kalkulace - pomocník při rozhodování.
Kalkulácia ako nástroj spolurozhodovania o voľbe výrobnej štruktúry a výrobných a predajných objemoch. Pri malom objeme výroby nebudú tržby postačovať k pokrytiu súčtu fixných a variabilných nákladov. Čím vyššia cena a čím nižšie variabilné náklady, tým vyšší je príspevok na krytie fixných nákladov...
Gespeichert in:
| 1. Verfasser: | |
|---|---|
| Format: | Buchkapitel |
| Sprache: | Tschechisch |
| Schlagworte: | |
| Tags: |
Keine Tags, Fügen Sie das erste Tag hinzu!
|
MARC
| LEADER | 00000naa a2200000 4500 | ||
|---|---|---|---|
| 001 | r004309 | ||
| 005 | 20221125080552.5 | ||
| 041 | 0 | |a cze | |
| 044 | |a [CS] | ||
| 245 | 1 | 0 | |a Výrobkové kalkulace - pomocník při rozhodování. |c K. Blažej |
| 520 | |a Kalkulácia ako nástroj spolurozhodovania o voľbe výrobnej štruktúry a výrobných a predajných objemoch. Pri malom objeme výroby nebudú tržby postačovať k pokrytiu súčtu fixných a variabilných nákladov. Čím vyššia cena a čím nižšie variabilné náklady, tým vyšší je príspevok na krytie fixných nákladov a na tvorbu zisku. Rozhodovanie, či vypustiť niektoré výrobky z výrobného sortimentu. | ||
| 610 | 2 | 0 | |a kalkulácia |
| 610 | 2 | 0 | |a výrobky |
| 610 | 2 | 0 | |a rozhodovanie podnikové |
| 610 | 2 | 0 | |a objem výroby |
| 610 | 2 | 0 | |a štruktúra výroby |
| 610 | 2 | 0 | |a náklady výrobné |
| 610 | 2 | 0 | |a tvorba zisku |
| 610 | 2 | 0 | |a sortiment výroby |
| 100 | 1 | |a Blažej, K. | |